000 01065cam a22003733a 4500
001 157
003 PGUSA
005 20140828082944.0
008 940801s1994||||xxu|||||s|||||000 i eng d
040 _aPGUSA
_beng
042 _adc
050 4 _aPS
050 4 _aPZ
100 1 _aWebster, Jean,
_d1876-1916
245 1 0 _aDaddy-Long-Legs
_h[electronic resource] /
_cJean Webster
260 _bProject Gutenberg,
_c1994
506 _aPublic domain in the USA.
516 _aElectronic text
653 _aPhilanthropists -- Fiction
653 _aWomen authors -- Fiction
653 _aYoung women -- Fiction
653 _aLove stories
653 _aEpistolary fiction
653 _aOrphans -- Fiction
653 _aWomen college students -- Fiction
653 _aBoarding schools -- Fiction
653 _aLetters -- Fiction
653 _aSchools -- Fiction
653 _aUniversities and colleges -- Fiction
653 _aBildungsromans
830 0 _aProject Gutenberg
_v157
856 4 0 _uhttp://www.gutenberg.org/ebooks/157
942 _cEB
999 _c229528
_d229528